Herr der Ringe - Rohan Quiz - Statistiken

Allgemein
  • Dieses Quiz wurde 59 mal gespielt
  • Das Durchschnittsergebnis liegt bei 10 aus 18
Antwortstatistiken
Hint Antwort % Korrekt
Diener Sarumans, welcher den König manipuliert Gríma Schlangenzunge
95%
Rohan kämpfte vor allem gegen diesen Zauberer Saruman
95%
König von Rohan Théoden
95%
Feldmarschall der Riddermark Éomer
93%
Sie befindet sich in dieser Landschaft Helms Klamm
93%
dessen Schwester Éowyn
87%
Hauptstadt von Rohan Edoras
82%
dieses Tier mag Rohan am meisten Pferde
82%
Die heutigen Länder Rohans gehörten früher zu... Gondor
64%
benannt nach diesem Mann Helm Hammerhand
55%
Wo war Gondor als die ... fiel? Westfold
55%
Große Festung Rohans Hornburg
38%
und die Menschen dieses Landes Dunland
22%
der erste König von Rohan Eorl der Junge
22%
Wo sich Rohans Soldaten vor dem Krieg versammeln Dunharg
16%
die Vorfahren der Rohirrim waren die... Éothéod
9%
ehemalige Haupstadt von Rohan Aldburg
5%
und hießen damals... Calenardhon
5%
Keine übereinstimmenden Quizze gefunden
Verteilung der Resultate
Anzahl Personen mit jedem Resultat
Perzentil nach korrekt beantworteten Fragen
Ihre Resultats-Entwicklung
Sie haben dieses Quiz noch nicht gespielt